Papeles de mi archivo. (Record no. 185557)

MARC details
000 -LEADER
campo de control de longitud fija 00803nam a2200205 i 4500
001 - NÚMERO DE CONTROL
campo de control 185557
003 - IDENTIFICADOR DE NÚMERO DE CONTROL
campo de control ES-MaACL
005 - FECHA Y HORA DE LA ÚLTIMA TRANSACCIÓN
campo de control 20230906222450.0
008 - DATOS DE LONGITUD FIJA--INFORMACIÓN GENERAL
campo de control de longitud fija 160711m19221923sp |||| | spa d
245 00 - MENCIÓN DEL TÍTULO
Título Papeles de mi archivo.
Nombre de parte o sección de la obra Relaciones de África /
Mención de responsabilidad, etc. recopilados por Ignacio Bauer Landauer.
260 ## - PUBLICACIÓN, DISTRIBUCIÓN, ETC.
Lugar de publicación, distribución, etc. Madrid :
Nombre del editor, distribuidor, etc. Edit. Ibero-Africano-Americana,
Fecha de publicación, distribución, etc. 1922-1923.
300 ## - DESCRIPCIÓN FÍSICA
Extensión 5 v. ;
Dimensiones 27 cm.
490 1# - MENCIÓN DE SERIE
Mención de serie Biblioteca hispano marroquí
505 8# - NOTA DE CONTENIDO CON FORMATO
Nota de contenido con formato t. 1. Ceuta y Melilla -- t. 2. Marruecos -- t. 3. Argel, Tunez, Trípoli -- t. 4. Argel t. 5. Los turcos en el Mediterráneo
651 #4 - PUNTO DE ACCESO ADICIONAL DE MATERIA--NOMBRE GEOGRÁFICO
Nombre geográfico España-
Subdivisión general Relaciones-
Subdivisión geográfica África.
9 (RLIN) 157092
700 1# - ENTRADA AGREGADA--NOMBRE PERSONAL
Nombre de persona Bauer y Landauer, Ignacio.
9 (RLIN) 26568
830 0# - PUNTO DE ACCESO ADICIONAL DE SERIE-TÍTULO UNIFORME
Título uniforme Biblioteca hispano marroquí
9 (RLIN) 183558
852 ## - LOCALIZACIÓN
Ubicación ES-MaACL
Número de control de estantería F-11528-32
Holdings
Estatus retirado Estado de pérdida Estado de daño No para préstamo Biblioteca de origen Biblioteca actual Ubicación en estantería Fecha de adquisición Fuente de adquisición Total de préstamos Signatura topográfica completa Código de barras Visto por última vez Precio de reemplazo Tipo de ítem Koha
        Biblioteca del Ateneo de Madrid Biblioteca del Ateneo de Madrid Depósito 2 11/07/2016     E-11528-32 1195569 23/02/2023 23/02/2023 Libro impreso